| 000 | 00760nam a2200193 a 4500 | ||
|---|---|---|---|
| 008 | 100118s2007 ||||||||||||||||| || u | ||
| 020 | _a97811895536997 | ||
| 050 | _aHF 1411 Tra | ||
| 100 | _aHalle, Mark | ||
| 245 | 1 | 0 |
_aTrade and environment: a resource book _cEdited by Adil Najam, Mark Halle and Ricardo Melendez-Ortiz |
| 260 |
_aToronto: _bICTSD/IISD/The Ring _c2007 |
||
| 300 | _axx, 252p.: ill. | ||
| 350 | _a0.00 | ||
| 650 | 0 | _aCOMMERCE | |
| 650 | 0 | _aINTERNATIONAL ECONOMIC RELATIONS--HANDBOOKS, MANUALS, E.T.C | |
| 700 | _aNajam, Adil | ||
| 700 | _aMelendez-Ortiz, Ricardo | ||
| 995 |
_D0.00 _FCBU-MAIN LIBRARY (Kitwe) _H1 _I0.00 _M1 _UAVAILABLE _WMay 5, 2010 _ZMain Library Open Access Collection |
||
| 999 |
_c60131 _d60131 |
||